00539nam a22001577a 4500008004100000020001800041082002200059100001900081245013800100260004900238300001400287500002500301650002300326650001400349700001800363250330b |||||||| |||| 00| 0 eng d a9789937970303 223rd.a379bAc44e1 aAcharya, Bisna aExamining school education policy practices for universal access to free and compulsory education / cBisna Acharya and Surya Sigdel. aKathmandu :bAcademic Book Center, c2081BS. aix, 156p. aIncludes references. aEducational policy aEducation1 aSigdel, Surya